| 000 | 00726cam a22002533a 4500 | ||
|---|---|---|---|
| 001 | 27909 | ||
| 003 | PGUSA | ||
| 005 | 20140828083613.0 | ||
| 008 | 090127s2009||||xxu|||||s|||||000 | eng d | ||
| 040 |
_aPGUSA _beng |
||
| 042 | _adc | ||
| 050 | 4 | _aPR | |
| 050 | 4 | _aPZ | |
| 100 | 1 |
_aCollingwood, Harry, _d1851-1922 |
|
| 245 | 1 | 0 |
_aDick Leslie's Luck : _bA Story of Shipwreck and Adventure _h[electronic resource] / _cHarry Collingwood |
| 260 |
_bProject Gutenberg, _c2009 |
||
| 506 | _aPublic domain in the USA. | ||
| 516 | _aElectronic text | ||
| 653 | _aAdventure stories | ||
| 700 | 1 |
_aPiffard, Harold, _d-1938 |
|
| 830 | 0 |
_aProject Gutenberg _v27909 |
|
| 856 | 4 | 0 | _uhttp://www.gutenberg.org/ebooks/27909 |
| 942 | _cEB | ||
| 999 |
_c257164 _d257164 |
||